Cruise of the ALERT: Four years in patagonian, polynesian, and mascarene waters. [1878, '82] By R. W. Coppinger, M.D. [Staff Surgeon Royal Navy, C.M.Z.S.] With sixteen full page woodcut illustrations from photographs by F. North, R.N., and from sketches by the author
Saved in:
| 主要作者: | |
|---|---|
| 格式: | 圖書 |
| 語言: | 英语 |
| 出版: |
Londres
W. Swan Sonnenschien and Co., Paternoster row
1883
|
| 版: | 1a. ed |
| 主題: | |
| 標簽: |
添加標簽
沒有標簽, 成為第一個標記此記錄!
|
MARC
| LEADER | 00000nam a2200000 a 4500 | ||
|---|---|---|---|
| 001 | UCJ5587 | ||
| 003 | CL-VaPUC | ||
| 008 | 070124e18830000UK |||||||||||||||||eng|d | ||
| 082 | 0 | 4 | |a 910.4 |b COP |2 21 |
| 100 | 0 | |a Coppinger, R. W. |e author |9 510933 | |
| 245 | 1 | 0 | |a Cruise of the ALERT: Four years in patagonian, polynesian, and mascarene waters. [1878, '82] By R. W. Coppinger, M.D. [Staff Surgeon Royal Navy, C.M.Z.S.] With sixteen full page woodcut illustrations from photographs by F. North, R.N., and from sketches by the author |
| 250 | |a 1a. ed | ||
| 300 | |a xiii, 256 p | ||
| 942 | |c BK | ||
| 945 | |d 20070124 00:00:00 |a rinostro | ||
| 260 | |a Londres |b W. Swan Sonnenschien and Co., Paternoster row |c 1883 | ||
| 500 | |a Front., H.M.S. ALERT, nave de la expedición, grabado en madera. Ilustraciones | ||
| 650 | 0 | |a Viajes |9 257115 | |
| 650 | 0 | |a Expediciones científicas |9 265222 | |
| 650 | 0 | |a Descubrimientos geográficos |9 331933 | |
| 650 | 0 | |a Geología |9 260984 | |
| 650 | 7 | |a FOSILES |2 CL-VaPUC |9 370434 | |
| 650 | 7 | |a FLORA |2 CL-VaPUC |9 264745 | |
| 650 | 7 | |a FAUNA |2 CL-VaPUC |9 349523 | |
| 650 | 7 | |a TIBURONES |2 CL-VaPUC |9 261869 | |
| 650 | 7 | |a CONDORES |2 CL-VaPUC |9 505508 | |
| 650 | 0 | |a Recursos naturales |9 255232 | |
| 650 | 7 | |a CARBON |2 CL-VaPUC |9 268755 | |
| 650 | 0 | |a Antropología |9 233030 | |
| 650 | 0 | |a Oceanografía |9 260014 | |
| 650 | 7 | |a GAUCHOS |2 CL-VaPUC |9 317962 | |
| 650 | 0 | |a Aborígenes |9 329972 | |
| 650 | 0 | |a Cultura |9 269059 | |
| 650 | 0 | |a Guerra del Pacífico |9 314886 | |
| 650 | 7 | |a LENGUAS FUEGUINAS |2 CL-VaPUC |9 505531 | |
| 650 | 7 | |a GLOSARIO FUEGUINO INGLES |2 CL-VaPUC |9 510934 | |
| 650 | 7 | |a COLONIALISMO FRANCES |2 CL-VaPUC |9 506073 | |
| 650 | 0 | |a Misioneros |9 324171 | |
| 650 | 0 | |a Ilustraciones |9 369481 | |
| 651 | 7 | |a PUERTO DEL HAMBRE |2 CL-VaPUC |9 504670 | |
| 651 | 0 | |a Estrecho de Magallanes |9 354479 | |
| 651 | 0 | |a Patagonia |9 269580 | |
| 651 | 7 | |a FALKLAND |2 CL-VaPUC |9 510935 | |
| 651 | 0 | |a Santiago |9 265444 | |
| 651 | 7 | |a TAHITI |2 CL-VaPUC |9 266824 | |
| 651 | 0 | |a Australia |9 262077 | |
| 651 | 7 | |a SINGAPUR |2 CL-VaPUC |9 441008 | |
| 651 | 7 | |a SEYCHELLES |2 CL-VaPUC |9 510936 | |
| 651 | 0 | |a África |9 256790 | |
| 651 | 0 | |a Valparaíso, Chile |9 261144 | |
| 583 | |a last modification |c 20070124 00:00:00 |k Rodrigo Vera | ||
| 999 | |c 321696 |d 321694 | ||
| 952 | |0 0 |1 0 |4 0 |6 910_400000000000000_COP_1883 |7 0 |8 X |9 400513 |a FDOBUD |b FDOBUD |d 2019-11-22 |i 1036882 |o 910.4 COP 1883 |p 1036882 |r 2019-11-22 |w 2019-11-22 |y BK_X |k BUD | ||